Vanderbilt journal of transnational law

Detalles Bibliográficos
Autor Corporativo: Vanderbilt University. School of Law
Formato: Seriadas
Lenguaje:inglés
Publicado: [Nashville, Tenn.] : Vanderbilt University, School of Law, 1971-
Materias:
Acceso en línea:Acceso restringido

MARC

LEADER 00000nas a2200000 a 4500
005 20110922143241.0
007 cr |||||||||||
008 050413c19719999xxu|||||s ||| 0 ||eng|c
022 |a 0090-2594  
035 |a 2873 
040 |d vLex 
090 |c 2538  |d 2538 
245 0 0 |a Vanderbilt journal of transnational law  |h [Recurso electrn̤ico] 
256 |a Servicio en ln̕ea. 
260 |a [Nashville, Tenn.] :  |b Vanderbilt University, School of Law,  |c 1971- 
300 |a 1 recurso electrn̤ico 
310 |a Trimestral, 1975 
321 |a Semestral, 1971-1973 
321 |a Quadrimestral, 1973-1975 
500 |a Descripcin̤ realizada a partir de: Vol. 5, no. 1 (Winter 1971) 
506 1 |a Contenido solo disponible en los productos indicados  |d vLex Global  |d vLex Global (Academic Edition, excluding Law Schools)  |d vLex Global (Academic Edition, Law Schools) 
650 0 4 |a Derecho internacional  |x Revistas 
650 0 4 |a Relaciones internacionales  |x Revistas 
710 2 |a Vanderbilt University.  |b School of Law 
740 0 |a vLex Revistas (Servicio en ln̕ea) 
856 |z Acceso restringido  |u http://vlex.com/source/vanderbilt-journal-transnational-law-2873 
942 |c REV